000 00560nam a22001577a 4500
008 230605b |||||||| |||| 00| 0 eng d
040 _aNational Science Library
_cNational Science Library
080 _a621.314
_bL7
100 _aBetts, P J
245 _aCalculated temperature coefficient of transformers
_c/ Commonwealth Scientific and Industrial Research Organisation
260 _aNew Delhi:
_bCommonwealth Scientific and Industrial Research Organisation,
_c1977
300 _a21p.
650 _aTechnology
653 _aProceedings
942 _2udc
_cPR
999 _c39413
_d39413